Famous novels of to-day (Record no. 9515)

MARC details
000 -CABECERA
campo de control de longitud fija 00869nam a2200253 a 4500
001 - NÚMERO DE CONTROL
campo de control BRL_703
005 - FECHA Y HORA DE LA ÚLTIMA TRANSACCIÓN
campo de control 20190320210848.0
008 - DATOS DE LONGITUD FIJA--INFORMACIÓN GENERAL
campo de control de longitud fija 270913s1930----enk#######---#000-0#eng-#
041 ## - CÓDIGO DE LENGUA
Código de lengua del texto/banda sonora o título independiente eng
044 ## - CÓDIGO DEL PAÍS DE LA ENTIDAD EDITORA/PRODUCTORA
Código MARC del país enk
050 #4 - SIGNATURA TOPOGRÁFICA DE LA BIBLIOTECA DEL CONGRESO
Número de clasificación PT2653
Número de documento/Ítem .F36 1930
245 10 - MENCIÓN DE TÍTULO
Título Famous novels of to-day
260 ## - PUBLICACIÓN, DISTRIBUCIÓN, ETC.
Lugar de publicación, distribución, etc. London
Nombre del editor, distribuidor, etc. Victor Gollancz
Fecha de publicación, distribución, etc. [ca. 1930]
300 ## - DESCRIPCIÓN FÍSICA
Extensión 1296 p.
Dimensiones 19 cm.
500 ## - NOTA GENERAL
Nota general Au781
505 0# - NOTA DE CONTENIDO CON FORMATO
Nota de contenido con formato Contenido: Red Wagon / by Lady Eleanor Smith - St. Christopher´s day / by Martin Armstrong - Dewer Wind / by L.A.G. Strong - Frolic Wind / by Richard Oke.
650 14 - PUNTO DE ACCESO ADICIONAL DE MATERIA--TÉRMINO DE MATERIA
Término de materia o nombre geográfico como elemento de entrada Literatura Alemana
Subdivisión de forma Novela
9 (RLIN) 22844
700 1# - PUNTO DE ACCESO ADICIONAL--NOMBRE DE PERSONA
Nombre de persona Smith, Eleanor Furneaux
Títulos y otros términos asociados al nombre Lady
Título de la obra Red wagon
9 (RLIN) 24686
700 1# - PUNTO DE ACCESO ADICIONAL--NOMBRE DE PERSONA
Nombre de persona Oke, Richard
Título de la obra Frolic Wind
9 (RLIN) 24687
700 1# - PUNTO DE ACCESO ADICIONAL--NOMBRE DE PERSONA
Nombre de persona Strong, L.A.G.
Título de la obra Dewer Rides
9 (RLIN) 24688
700 1# - PUNTO DE ACCESO ADICIONAL--NOMBRE DE PERSONA
Nombre de persona Armstrong, Martin
Título de la obra St. Christopher´s Day
9 (RLIN) 24689
902 ## - CATALOGADOR
Iniciales GRL
942 ## - ELEMENTOS DE PUNTO DE ACCESO ADICIONAL (KOHA)
Fuente del sistema de clasificación o colocación Library of Congress Classification
Tipo de ítem Koha Libros
Holdings
Estado de retiro Estado de pérdida Estado dañado No para préstamo Localización permanente Ubicación/localización actual Fecha de adquisición Número de inventario Total de préstamos Signatura topográfica completa Código de barras Fecha visto por última vez Precio válido a partir de Tipo de ítem Koha
El ejemplar forma parte de la colección y puede ser consultado según las políticas vigentes.       Biblioteca Centro de Estudios Ruth D. Lechuga Biblioteca Centro de Estudios Ruth D. Lechuga 27/09/2013 Au781   PT2653 .F36 1930 (Au781) GRL00773 22/03/2019 22/03/2019 Libros